000 00470nam a22001817a 4500
003 CEME
005 20210628202912.0
008 210203b xxu||||| |||| 00| 0 eng d
020 _a0-8031-1140-0
040 _c.
082 _a620.1126 FRA
100 _aAtluri, S.N Newman, J.C
_962230
245 _aFracture mechanics, twenty second symposium (volume ii)
260 _aUSA
_bASTM
_c1992
300 _a449P
650 _aFRACTURE MECHANICS
_91528
942 _cBK
_2ddc
999 _c571403
_d571403